| 000 | 01004nam a22002177a 4500 | ||
|---|---|---|---|
| 005 | 20250827143355.0 | ||
| 008 | 240902b ||||| |||| 00| 0 eng d | ||
| 082 | _aDPer 796.07 J826 July-October 2019 January-April 2020 v. 38, 39 n. 3-4, 1-2 | ||
| 100 |
_aCollins, Karen E. _eauthor. _959806 |
||
| 245 |
_aTeam-based learning in a coaching education course : _bimpact on student learning / _cKaren E. Collins, Catherine E. Overson, and Victor A. Bennasi. |
||
| 260 |
_aChampaign, Illinois ; _bHuman Kinetics, Inc. , _cJanuary 2020. |
||
| 300 |
_aVolume 39, pages 28-35 : _billustration ; _c28 cm. |
||
| 500 | _aJournal of Teaching in Physical Education, vol. 39, no. 1, pages 28-35, January 2020. | ||
| 650 | 0 |
_aAcademic achievement. _944689 |
|
| 650 | 0 |
_aActive learning. _94623 |
|
| 650 | 0 |
_aStudent satisfaction. _967080 |
|
| 700 |
_aCollins, Karen E. _eauthor. _959806 |
||
| 700 |
_aOverson, Catherine E. _eauthor. _959807 |
||
| 700 |
_aBennasi, Victor A. _eauthor. _959808 |
||
| 942 |
_2ddc _cPER |
||
| 999 |
_c21180 _d21180 |
||